| 000 | 01005cam a2200217 4500 | ||
|---|---|---|---|
| 001 | ABS67257 | ||
| 008 | 031124n2003 000 0 eng u | ||
| 035 | _a(Sirsi) u124438 | ||
| 100 | _aMenary, S. | ||
| 245 | _aTaywood sails into top flight | ||
| 260 | _c2003 | ||
| 490 |
_aHouse Builder _v62(10) November 2003, 27-28(2) |
||
| 520 | _aReports the findings from the latest,third quarter 2003, house builder activity survey. Provides top 10 ranking tables across 11 regions of who is planning to build where. Reveals that Taylor Woodrow has soared into the top 10 in five more regions following its acquisition of Wilson Connolly. Persimmon is the UK's busiest house builder on the planning front, being top in five out of the 11 regions, but has been surprisingly inactive in London over the past year. | ||
| 590 | _aABS | ||
| 650 | _aRANKINGS | ||
| 650 | _aHOUSE BUILDERS | ||
| 650 | _aPLANNING APPLICATIONS | ||
| 650 | _aHOUSING DEVELOPMENTS | ||
| 690 | _aHOUSING-DEVELOPMENT | ||
| 942 | _n0 | ||
| 999 |
_c73835 _d73835 |
||